| 000 | 00598nam a22002057a 4500 | ||
|---|---|---|---|
| 999 |
_c66262 _d66262 |
||
| 005 | 20210325210452.0 | ||
| 008 | s2011 eng d | ||
| 020 | _a9781906780548 | ||
| 040 | _aNALT | ||
| 041 | _aeng | ||
| 050 |
_aDS 660 _bH52E 2011 |
||
| 100 | 1 |
_aHicks, Nigel _917642 |
|
| 245 | 1 | 0 |
_aEnchanting Philippines / _cNigel Hicks. |
| 260 |
_aOxford : _bJohn Beaufoy, _c2011. |
||
| 300 |
_a79 p. : _bill. ; _c26 cm. |
||
| 651 | 0 |
_917644 _aPhilippines _xDescription and travel |
|
| 850 | _aNALT | ||
| 942 |
_cGB _2lcc _02 |
||